=LDR 00000nam 2200000 4500 =001 INLIS000000000023876 =005 20130612122511 =008 ***********************************Ind** =035 ##$$0010-061300000023876 =041 ##$$a Ind =082 ##$$a 658.151 =090 ##$$a 658.151, Woe m =100 ##$$a Woelfel, Charles J =245 ##$$a Memantau kesehatan perusahaan melalui laporan keuangan, Charles J Woelfel =260 ##$$a 1995 $b Jakarta =300 ##$$a xii, 287 hlm, 21 cm =650 ##$$a Organisasi dan Keuangan =850 ##$$a NBPNMAT =990 ##$$a 0001/BPAP-NTB/2016 =990 ##$$a 14451445 =990 ##$$a 01201901445 =990 ##$$a 86.971/Pro.95 =990 ##$$a 117.673/Pro.97 =990 ##$$a 00054214 =990 ##$$a 00054259 =990 ##$$a 0001/BPAP-NTB/2016